| 000 | 00614nam a2200193Ia 4500 | ||
|---|---|---|---|
| 003 | GCL | ||
| 008 | 140319s9999 xx 000 0 ara d | ||
| 040 |
_aGCL / _cGCL |
||
| 082 | 0 | 4 |
_aق _b322.42 _bم س |
| 100 | 1 | _aمحمود فوزى | |
| 245 | 1 | 0 |
_aالسادات ورابين : سلام حتى الاغتيال / _cمحمود فوزى |
| 300 | _a175 ص | ||
| 490 |
_aالهيئة العامة للاستعلامات _v0 |
||
| 650 | 0 | 4 | _aالنزاع العربى الاسرائيلى |
| 650 | 0 | 4 | _aالارهاب |
| 650 | 0 | 4 | _aاسحق رابين، اغتيال |
| 650 | 0 | 4 | _aاغتيال |
| 942 |
_2ddc _cBK |
||
| 999 |
_c48920 _d48920 |
||